Recife/Guararapes–Gilberto Freyre Int. Destinations (Recife, Brazil) - Statistics

General Stats
  • This quiz has been taken 46 times
    20 since last reset
  • The average score is 26 of 50
Answer Stats
Airline Destination % Correct
Azul Brazilian Airlines Manaus
100%
Azul Brazilian Airlines/Gol Linhas Aéreas/LATAM Brasil Brasília
95%
Gol Linhas Aéreas Buenos Aires (Aeroparque)
95%
JetSmart Argentina/LATAM Brasil Buenos Aires (Ezeiza)
95%
TAP Air Portugal Lisbon
95%
Azul Brazilian Airlines Porto
95%
Azul Brazilian Airlines/Gol Linhas Aéreas/LATAM Brasil Rio de Janeiro (Galeão)
95%
Azul Brazilian Airlines/Gol Linhas Aéreas/LATAM Brasil São Paulo (Congonhas)
95%
Azul Brazilian Airlines/Gol Linhas Aéreas/LATAM Brasil São Paulo (Guarulhos)
95%
Azul Brazilian Airlines Belém
79%
Azul Brazilian Airlines/Iberia Madrid
79%
Azul Brazilian Airlines Porto Alegre
79%
Azul Brazilian Airlines/Gol Linhas Aéreas Salvador da Bahia
79%
Azul Brazilian Airlines Curitiba
74%
Azul Brazilian Airlines/Gol Linhas Aéreas/LATAM Brasil Fortaleza
74%
Azul Brazilian Airlines Natal
74%
LATAM Brasil Santiago de Chile
74%
Azul Brazilian Airlines Belo Horizonte (Confins)
68%
Azul Brazilian Airlines Florianópolis
68%
Azul Brazilian Airlines/Gol Linhas Aéreas Vitória
68%
Azul Brazilian Airlines Goiânia
63%
Azul Brazilian Airlines Maceió
58%
Azul Brazilian Airlines Montevideo
58%
Azul Brazilian Airlines Teresina
58%
Azul Brazilian Airlines/Gol Linhas Aéreas Campinas
53%
Azul Brazilian Airlines João Pessoa
53%
Azul Brazilian Airlines Orlando
47%
Azul Brazilian Airlines Petrolina
47%
Azul Brazilian Airlines São Luís
47%
Azul Brazilian Airlines Aracaju
42%
Azul Brazilian Airlines Asunción
42%
Azul Brazilian Airlines Palmas
42%
Azul Brazilian Airlines Porto Velho
42%
Azul Brazilian Airlines Campo Grande
37%
Azul Brazilian Airlines Campina Grande
32%
Azul Brazilian Airlines Caruaru
32%
Gol Linhas Aéreas Cordoba (AR)
32%
Azul Brazilian Airlines Foz do Iguaçu
32%
Azul Brazilian Airlines/Gol Linhas Aéreas Fernando de Noronha
26%
Azul Brazilian Airlines Uberlândia
26%
Azul Brazilian Airlines Ribeirão Preto
21%
Azul Conecta Serra Talhada
21%
Azul Brazilian Airlines Navegantes
16%
Azul Conecta Patos
16%
Azul Conecta Araripina
11%
Azul Conecta Garanhuns
11%
Azul Conecta Cajazeiras
5%
Azul Brazilian Airlines Bauru/Arealva
0%
Azul Brazilian Airlines Presidente Prudente
0%
Azul Brazilian Airlines São José do Rio Preto
0%
No matching quizzes found
Score Distribution
Percent of People with Each Score
Percentile by Number Answered
Your Score History
You have not taken this quiz since the last reset